[Event "4NCL 3 North pool C"]
[Site "Crewe, ENG"]
[Date "2016.04.30"]
[Round "9.90"]
[White "Boswell, Jacob Connor"]
[Black "Mulleady, Peter J"]
[Result "0-1"]
[WhiteElo "1840"]
[BlackElo "2042"]
[PlyCount "82"]
[EventDate "2016.04.30"]
[WhiteTeam "Cheddleton 2"]
[BlackTeam "Manchester Manticores 1"]

1. e4 Nf6 2. e5 Nd5 3. d4 d6 4. c4 Nb6 5. Nf3 g6 6. Bf4 Bg7 7. Nc3 O-O 8. Be2
Nc6 9. exd6 cxd6 10. O-O Bg4 11. Be3 Rc8 12. Rc1 e5 13. dxe5 Nxe5 14. Nxe5 Bxe2
15. Qxe2 Bxe5 16. b3 Re8 17. Qf3 Rc6 18. Nb5 Nc8 19. Rfd1 Qa5 20. a4 a6 21. Nd4
Rc7 22. Ne2 Ne7 23. Nf4 Qb4 24. Bd2 Qb6 25. Nd5 Nxd5 26. Qxd5 Qxb3 27. Re1 Rc5
28. Qe4 Bxh2+ 29. Kxh2 Rxe4 30. Rxe4 Qxa4 31. Bc3 Rxc4 32. Re3 Qc6 33. Kg1 b5
34. Kf1 b4 35. Ke2 bxc3 36. g3 d5 37. Rd3 d4 38. f3 Qe6+ 39. Kf2 Qh3 40. g4
Qh2+ 41. Ke1 Qg1+ 0-1